000 00241nam a22001097a 4500
999 _c261031
_d261030
020 _a9781465408655
100 _aRuth Amos
245 _aThe Race For Chi
260 _aUnited States
_bDorling Kindersley
_c2013
300 _a47
942 _cBK